Normal view MARC view

Entry Personal Name

Number of records used in: 33

001 - CONTROL NUMBER

  • control field: 5082

003 - CONTROL NUMBER IDENTIFIER

  • control field: OSt

005 - DATE AND TIME OF LATEST TRANSACTION

  • control field: 20110602100656.0

008 - FIXED-LENGTH DATA ELEMENTS

  • fixed length control field: 110602|||a|||||| | ||| d

040 ## - CATALOGING SOURCE

  • Original cataloging agency: OSt
  • Transcribing agency: OSt

100 ## - HEADING--PERSONAL NAME

  • Personal name: Nsanze, Vastina Rukimirana.

670 ## - SOURCE DATA FOUND

  • Source citation: Work cat.: (OSt)2313: Uganda. 554, Laws of the Republic of Uganda 2000 Vol. II Chapters 4 - 26 /, 2000.